01123nam a22002777a 45000010005000000030006000050050017000110080041000280200018000690400029000870500015001160820010001311000019001412450044001602500045002042600049002493000043002984900031003415050008003725200341003805210020007215210020007416500023007616500027007847000034008115216FISKH20241119160450.0241119b cb ||||| |||| 00| 0 eng d a9780194791281 aFISKHbengcFISKHdFISKH aPZ7.N43777 a823.8 aNesbit, Edith  aThe Railway Children /cby Edith Nesbit aFirst published in Oxford Bookworms 1993 aNew York :bOxford University Press ;c2003. a72 pages : billustrations ;c21 cm .  aOxford Bookworms vStage 3 aU  aClassic Literature. Juvenile Fiction. HTML: When their father is taken away by strangers, the lives of three children are altered forever. They move with their mother to a cottage by a railway. The railway becomes their playground, and they befriend the rail workers and passengers who eventually help to reunite them with their father.8 a840 bLexile 8 aU bRaz-Plus  a classicsvfiction aFolio Societyvfiction aBirkett, Rachel eillustrator